[Event "2nd Gideon Japhet Mem Op"]
[Site "Jerusalem ISR"]
[Date "2014.07.16"]
[Round "1.1"]
[White "Huzman, Alexander"]
[Black "Vaisberg, Michael"]
[Result "1-0"]
[WhiteTitle "GM"]
[WhiteElo "2589"]
[BlackElo "2122"]
[WhiteFideId "2803828"]
[BlackFideId "2814315"]
[EventDate "2014.07.16"]

1. Nf3 Nf6 2. c4 c5 3. Nc3 g6 4. d4 cxd4 5. Nxd4 Bg7 6. e4 d6 7. Be2 O-O 8. O-O
Nc6 9. Be3 Bd7 10. Qd2 Ng4 11. Bxg4 Bxg4 12. Nd5 Rc8 13. b3 Re8 14. h3 Be6 15.
Rad1 Bxd5 16. exd5 Nxd4 17. Bxd4 Bxd4 18. Qxd4 Qa5 19. Rd2 e5 20. dxe6 Rxe6 21.
Rfd1 Rce8 22. Qf4 Qe5 23. Qf3 b6 24. Rd5 Qb2 25. Rxd6 Rxd6 26. Rxd6 Qxa2 27. Rd7
Qa1+ 28. Kh2 Rf8 29. Qe3 h5 30. g3 Kg7 31. Kg2 Kg8 32. g4 hxg4 33. hxg4 Kg7 34.
Qf4 Qc3 35. Rxa7 Qxb3 36. Qd4+ Kg8 37. Rb7 Rc8 38. Rxf7 Kxf7 39. Qd7+ Kf6 40.
Qxc8 Qb4 41. Qd8+ Kf7 42. Qd5+ Kg7 43. Qe6 Qb3 44. Qe5+ Kh7 45. Qc7+ Kg8 46.
Qc8+ Kg7 47. Qb7+ Kg8 48. c5 Qe6 49. Qb8+ Kg7 50. cxb6 Qxg4+ 51. Qg3 Qe4+ 52.
Qf3 Qe5 53. b7 Qg5+ 54. Kh3 Qh6+ 55. Kg3 Qg5+ 56. Qg4 Qe5+ 57. Qf4 Qc3+ 58. Kh2 1-0

[Event "2nd Gideon Japhet Mem Op"]
[Site "Jerusalem ISR"]
[Date "2014.07.16"]
[Round "1.2"]
[White "Gamayev, Oleg"]
[Black "Soffer, Ram"]
[Result "1/2-1/2"]
[BlackTitle "GM"]
[WhiteElo "2181"]
[BlackElo "2447"]
[WhiteFideId "2802813"]
[BlackFideId "2800101"]
[EventDate "2014.07.16"]

1. d3 c5 2. e4 Nc6 3. Nf3 g6 4. Be2 Bg7 5. c3 d5 6. exd5 Qxd5 7. O-O Nf6 8. Nbd2
O-O 9. Nb3 b6 10. d4 cxd4 11. Nfxd4 Nxd4 12. Qxd4 Bb7 13. Qxd5 Bxd5 14. Be3 e5
15. Rfd1 Be6 16. Bf3 e4 17. Be2 Nd5 18. Bd4 Nf4 19. Ba6 Rad8 20. Bxg7 Kxg7 21.
Nd4 Bd5 22. Nc2 Bxa2 23. Rd4 Rxd4 24. Nxd4 Bd5 25. g3 Nd3 26. Bxd3 exd3 27. f3
a5 28. Kf2 Bc4 29. Ke3 Re8+ 30. Kd2 Rd8 31. Ke3 Ba6 32. b3 Re8+ 33. Kd2 Rd8 34.
Ke3 h5 35. h4 Kf6 36. c4 d2 37. Rd1 a4 38. bxa4 Bxc4 39. Rxd2 Re8+ 40. Kf4 Ra8
41. Rb2 Rxa4 42. Ke4 1/2-1/2

[Event "2nd Gideon Japhet Mem Op"]
[Site "Jerusalem ISR"]
[Date "2014.07.16"]
[Round "1.3"]
[White "Gruenfeld, Yehuda"]
[Black "Gal, Moshe"]
[Result "1-0"]
[WhiteTitle "GM"]
[WhiteElo "2449"]
[BlackElo "2192"]
[WhiteFideId "2800020"]
[BlackFideId "2815630"]
[EventDate "2014.07.16"]

1. e4 c5 2. Nf3 d6 3. d4 cxd4 4. Nxd4 Nf6 5. Nc3 g6 6. Be3 Bg7 7. f3 a6 8. Qd2
b5 9. Bh6 Bxh6 10. Qxh6 Nbd7 11. O-O-O Bb7 12. g4 Rc8 13. Qd2 Ne5 14. g5 Nxf3
15. Qe3 Nxd4 16. Qxd4 e5 17. Qa7 Bxe4 18. Rg1 b4 19. Nxe4 Nxe4 20. Bxa6 Rc7 21.
Bb5+ Kf8 22. Qe3 Nc5 23. Qxe5 dxe5 24. Rxd8+ Kg7 25. Rxh8 Kxh8 26. Re1 e4 27.
Bc4 Kg7 28. Kd2 f5 29. gxf6+ Kxf6 30. Ke3 Rd7 31. Rf1+ Ke5 32. Rf8 Re7 33. Ra8
g5 34. a3 bxa3 35. Rxa3 g4 36. b4 g3 37. Ra5 g2 38. Rxc5+ Kf6 39. Kf2 e3+ 40.
Kxg2 e2 41. Bxe2 Rxe2+ 42. Kg3 1-0

[Event "2nd Gideon Japhet Mem Op"]
[Site "Jerusalem ISR"]
[Date "2014.07.16"]
[Round "1.4"]
[White "Bar, Aviv"]
[Black "Kaspi, Alexander"]
[Result "1/2-1/2"]
[BlackTitle "IM"]
[WhiteElo "2167"]
[BlackElo "2438"]
[WhiteFideId "2806339"]
[BlackFideId "2802910"]
[EventDate "2014.07.16"]

1. e4 c5 2. Nf3 d6 3. Bb5+ Nd7 4. O-O Nf6 5. Re1 a6 6. Bd3 g6 7. c3 Bg7 8. Bc2
e5 9. d4 Qc7 10. d5 O-O 11. a4 Rb8 12. a5 h6 13. Nbd2 Nh5 14. Nc4 b5 15. axb6
Nxb6 16. Nfd2 Ra8 17. Nxb6 Qxb6 18. Nc4 Qc7 19. Be3 Nf6 20. h3 Ne8 21. f4 exf4
22. Bxf4 g5 23. Bh2 Qd8 24. Rf1 f6 25. Qd3 Rf7 26. Ba4 Bd7 27. Bxd7 Rxd7 28. Ra2
a5 29. Rfa1 Rda7 30. Ra4 Qc7 31. Kh1 Bf8 32. Bg1 Be7 33. e5 fxe5 34. Qg6+ Ng7
35. Ne3 Rf8 36. Ng4 Bd8 37. Nxh6+ Kh8 38. Ng4 Nf5 39. Bf2 Qf7 40. Qxf7 Raxf7 41.
b4 axb4 42. cxb4 cxb4 43. Rxb4 Rc7 44. Ra8 Kg7 45. Kh2 Be7 46. Rxf8 Bxf8 47. Ra4
Be7 48. Ra7 Bd8 49. Ra8 Be7 50. Ra7 Bd8 51. Ra8 Rd7 52. Be3 Kg6 53. Ra6 Bf6 54.
Bb6 Bg7 55. Bc5 Kf7 56. Ra7 Rxa7 57. Bxa7 e4 58. g3 Bc3 59. Kg2 Be1 60. Ne3 Kg6
61. g4 Nxe3+ 62. Bxe3 Bc3 63. Bf2 Kf6 64. Bg3 Be5 65. Bf2 Bf4 66. Bd4+ Be5 1/2-1/2

[Event "2nd Gideon Japhet Mem Op"]
[Site "Jerusalem ISR"]
[Date "2014.07.16"]
[Round "1.5"]
[White "Battaglini, Gabriel"]
[Black "Klar, Nir"]
[Result "1-0"]
[WhiteTitle "IM"]
[WhiteElo "2430"]
[BlackElo "2064"]
[WhiteFideId "621650"]
[BlackFideId "2808471"]
[EventDate "2014.07.16"]

1. d4 d5 2. Bg5 c6 3. e3 Bf5 4. Bd3 Bxd3 5. Qxd3 Nd7 6. Nf3 Ngf6 7. Nbd2 e6 8.
O-O Be7 9. c4 O-O 10. c5 h6 11. Bf4 Nh5 12. h3 Nxf4 13. exf4 Bf6 14. b4 Qc7 15.
g3 b6 16. Nb3 bxc5 17. bxc5 Rfb8 18. Rae1 a5 19. Re3 a4 20. Nbd2 Rb2 21. a3 Qa5
22. g4 Rab8 23. Rd1 Qb5 24. Qc3 Bd8 25. Ree1 Ba5 26. Qe3 Bxd2 27. Nxd2 Qa5 28.
Re2 Rc2 29. Rb1 Qc3 30. Qxc3 Rxc3 31. Rxb8+ Nxb8 32. Re3 Rc2 33. Nf3 Ra2 34. f5
Kf8 35. Ne5 exf5 36. gxf5 Rd2 37. Re1 Rb2 38. Kg2 Rb3 39. Re3 Rb1 40. h4 Rb2 41.
h5 Rb1 42. Rf3 Rb3 43. f6 gxf6 44. Rxf6 Rxa3 45. Rxf7+ Ke8 46. Rh7 Rb3 47. Rxh6
a3 48. Rh8+ Ke7 49. h6 a2 50. Rh7+ Kf8 51. Rf7+ 1-0

[Event "2nd Gideon Japhet Mem Op"]
[Site "Jerusalem ISR"]
[Date "2014.07.16"]
[Round "1.6"]
[White "Alexikov, Alexander"]
[Black "Gershkowich, David"]
[Result "1-0"]
[WhiteTitle "IM"]
[BlackTitle "FM"]
[WhiteElo "2380"]
[BlackElo "2146"]
[WhiteFideId "14103958"]
[BlackFideId "2803356"]
[EventDate "2014.07.16"]

1. e4 c5 2. Nf3 d6 3. d4 cxd4 4. Nxd4 Nf6 5. Nc3 g6 6. Be3 Bg7 7. f3 Nc6 8. Qd2
O-O 9. O-O-O d5 10. exd5 Nxd5 11. Nxc6 bxc6 12. Bd4 e5 13. Bc5 Be6 14. Ne4 Re8
15. h4 Rb8 16. Bc4 h6 17. Bxa7 Ra8 18. Bf2 Qb8 19. c3 Ne3 20. Bxe6 Nxd1 21.
Bxf7+ Kxf7 22. Rxd1 Kg8 23. Qd3 Kh8 24. Kb1 Qc7 25. Qc4 Red8 26. Rxd8+ Qxd8 27.
a3 Qd1+ 28. Ka2 Rb8 29. Ba7 Rb5 30. Nc5 Qc2 31. Nd3 Qe2 32. Qe4 Qc2 33. Nb4 Qa4
34. Be3 c5 35. b3 Qa5 36. Nd5 c4 37. bxc4 Rb8 38. Nb4 Qa4 39. Bxh6 Ra8 40. Bc1
Qd1 41. Qxa8+ 1-0

[Event "2nd Gideon Japhet Mem Op"]
[Site "Jerusalem ISR"]
[Date "2014.07.16"]
[Round "1.7"]
[White "Erenberg, Ariel"]
[Black "Haimovich, Tal"]
[Result "1-0"]
[BlackTitle "IM"]
[WhiteElo "2131"]
[BlackElo "2369"]
[WhiteFideId "2811634"]
[BlackFideId "2801698"]
[EventDate "2014.07.16"]

1. d4 Nf6 2. c4 e6 3. Nf3 d5 4. Nc3 Be7 5. Bf4 O-O 6. e3 b6 7. Bd3 Bb7 8. cxd5
exd5 9. O-O Nbd7 10. Ne5 Nxe5 11. dxe5 Nd7 12. Qc2 h6 13. Bf5 Nc5 14. Rfd1 Re8
15. b4 Ne6 16. Bxe6 fxe6 17. Bxh6 Bf8 18. Bf4 Bxb4 19. Ne4 Be7 20. Ng3 Kf7 21.
Qe2 Rh8 22. Qf3 Kg8 23. Qg4 Bc8 24. Nh5 Rh7 25. Bh6 Qf8 26. Bg5 Qf7 27. Nf4 Bxg5
28. Qxg5 Bd7 29. h4 Rf8 30. g4 c5 31. Rd2 Bc6 32. Ng6 Re8 33. f4 Ba8 34. f5 Qb7
35. Rf1 d4 36. Kh2 dxe3 37. Qxe3 Rh6 38. Qg5 Kh7 39. h5 Qa6 40. f6 Qb7 41. f7 1-0

[Event "2nd Gideon Japhet Mem Op"]
[Site "Jerusalem ISR"]
[Date "2014.07.16"]
[Round "1.8"]
[White "Aharon, Ofir"]
[Black "Poleg, Dan"]
[Result "1-0"]
[WhiteTitle "FM"]
[WhiteElo "2367"]
[BlackElo "1999"]
[WhiteFideId "2800683"]
[BlackFideId "2812398"]
[EventDate "2014.07.16"]

1. Nf3 Nf6 2. g3 e6 3. Bg2 d5 4. O-O Nbd7 5. b3 c6 6. Bb2 Qc7 7. c4 dxc4 8. bxc4
Bd6 9. d4 c5 10. Nc3 a6 11. d5 Ne5 12. Nxe5 Bxe5 13. Qd2 exd5 14. cxd5 O-O 15.
f4 Bxc3 16. Qxc3 Rd8 17. Rac1 c4 18. Qxc4 Qxc4 19. Rxc4 b5 20. Bxf6 gxf6 21. Rc7
Bg4 22. Kf2 Rac8 23. Rfc1 Rxc7 24. Rxc7 Kf8 25. e4 Rc8 26. Rxc8+ Bxc8 27. Ke3 f5
28. e5 Ke7 29. Kd4 f6 30. Kc5 fxe5 31. fxe5 1-0

[Event "2nd Gideon Japhet Mem Op"]
[Site "Jerusalem ISR"]
[Date "2014.07.16"]
[Round "1.9"]
[White "Birnboim, Nathan"]
[Black "Shimonovich, Yoav"]
[Result "1-0"]
[WhiteTitle "IM"]
[WhiteElo "2335"]
[BlackElo "2102"]
[WhiteFideId "2800209"]
[BlackFideId "2809702"]
[EventDate "2014.07.16"]

1. d4 Nf6 2. c4 e6 3. g3 d5 4. Bg2 Be7 5. Nf3 O-O 6. O-O c6 7. Qc2 b5 8. c5 a5
9. Bg5 h6 10. Bf4 Nbd7 11. Nbd2 Ba6 12. Rfe1 Rc8 13. h3 Nh5 14. e3 Nxf4 15. exf4
Rb8 16. Re3 g6 17. Bf1 Kg7 18. a4 Rb7 19. axb5 Bxb5 20. Rea3 Bxf1 21. Kxf1 Qb8
22. R1a2 Bd8 23. Nb3 Rb4 24. Nxa5 Qb5+ 25. Qe2 Qxe2+ 26. Kxe2 Bxa5 27. Rxa5 Rfb8
28. Ra6 Rxb2+ 29. Rxb2 Rxb2+ 30. Kf1 Nf6 31. Ne5 Ne4 32. Rxc6 Rxf2+ 33. Ke1 Ra2
34. Rc7 Ra1+ 35. Ke2 Ra2+ 36. Kd1 Rd2+ 37. Ke1 Rxd4 38. Rxf7+ Kg8 39. c6 Ra4 40.
c7 Ra1+ 41. Ke2 Rc1 42. Rd7 Rc2+ 43. Kd1 1-0

[Event "2nd Gideon Japhet Mem Op"]
[Site "Jerusalem ISR"]
[Date "2014.07.16"]
[Round "1.10"]
[White "Poleg, Matan"]
[Black "Gindi, Shachar"]
[Result "0-1"]
[WhiteElo "2157"]
[BlackElo "2319"]
[WhiteFideId "2811472"]
[BlackFideId "2804182"]
[EventDate "2014.07.16"]

1. d4 d5 2. c4 e6 3. Nf3 c5 4. cxd5 exd5 5. Nc3 Nc6 6. g3 Nf6 7. Bg2 Be7 8. O-O
O-O 9. Be3 c4 10. Ne5 Bf5 11. Qa4 Nb4 12. Rac1 Nd7 13. Qd1 Nb6 14. b3 f6 15. Nf3
Rc8 16. Nh4 Be6 17. f4 Qd7 18. f5 Bf7 19. a3 Nc6 20. b4 a6 21. Kh1 Na7 22. Bf4
Nb5 23. Nb1 Rfe8 24. Qd2 Na4 25. e3 Nd6 26. Bxd6 Bxd6 27. Nc3 Nxc3 28. Qxc3 Qa4
29. Bf3 Re7 30. Ng2 a5 31. Rb1 axb4 32. axb4 Qb5 33. Nf4 Ra8 34. Ra1 Ree8 35.
Rxa8 Rxa8 36. Ra1 Rxa1+ 37. Qxa1 c3 38. Ne2 c2 39. Qb2 Qc4 40. b5 Qd3 41. Kg2
Ba3 42. Qa2 Qxe2+ 43. Bxe2 c1=Q 0-1

[Event "2nd Gideon Japhet Mem Op"]
[Site "Jerusalem ISR"]
[Date "2014.07.16"]
[Round "1.11"]
[White "Hochman, Elnatan"]
[Black "Kobo, Ori"]
[Result "0-1"]
[BlackTitle "FM"]
[WhiteElo "2010"]
[BlackElo "2308"]
[WhiteFideId "2813130"]
[BlackFideId "2812320"]
[EventDate "2014.07.16"]

1. d4 Nf6 2. c4 g6 3. f3 d5 4. cxd5 Nxd5 5. e4 Nb6 6. Nc3 Bg7 7. Be3 O-O 8. Qd2
e5 9. d5 c6 10. d6 Re8 11. O-O-O N8d7 12. h4 Nf8 13. h5 Be6 14. g4 Qd7 15. hxg6
fxg6 16. Nh3 Nc4 17. Bxc4 Bxc4 18. Bg5 Ne6 19. Be7 Nd4 20. Qf2 b5 21. b3 Be6 22.
Kb2 h6 23. Qe3 Rxe7 24. dxe7 Qxe7 25. Ng1 g5 26. Nce2 a5 27. Nxd4 exd4 28. Qd3
a4 29. Ra1 axb3 30. axb3 Rxa1 31. Kxa1 Qa3+ 32. Kb1 Bxb3 33. Ne2 Qa2+ 34. Kc1
Bc4 0-1

[Event "2nd Gideon Japhet Mem Op"]
[Site "Jerusalem ISR"]
[Date "2014.07.16"]
[Round "1.12"]
[White "Iskhakabeev, Alon"]
[Black "Axelrod, Arie"]
[Result "1-0"]
[BlackTitle "FM"]
[WhiteElo "2008"]
[BlackElo "2285"]
[WhiteFideId "2811901"]
[BlackFideId "2804867"]
[EventDate "2014.07.16"]

1. e4 c5 2. Nf3 d6 3. d4 cxd4 4. Nxd4 Nf6 5. Nc3 g6 6. Be3 Bg7 7. f3 h5 8. Qd2
Nbd7 9. Bc4 a6 10. O-O-O b5 11. Bb3 Bb7 12. Kb1 Rc8 13. Bg5 Ne5 14. Rhe1 Nc4 15.
Qe2 Qc7 16. Nd5 Bxd5 17. exd5 Nxd5 18. Ne6 Na3+ 19. Kc1 fxe6 20. bxa3 Nc3 21.
Qxe6 Nxa2+ 22. Kd2 Bc3+ 23. Ke2 Bxe1 24. Kxe1 Nc3 25. Rxd6 Qxd6 26. Qxc8+ Qd8
27. Qxc3 Rf8 28. Be6 1-0

[Event "2nd Gideon Japhet Mem Op"]
[Site "Jerusalem ISR"]
[Date "2014.07.16"]
[Round "1.13"]
[White "Zanan, Evgeny"]
[Black "Kali, Omer"]
[Result "1-0"]
[WhiteTitle "FM"]
[WhiteElo "2283"]
[BlackElo "2025"]
[WhiteFideId "24101940"]
[BlackFideId "2812436"]
[EventDate "2014.07.16"]

1. Nf3 Nf6 2. c4 e6 3. g3 b6 4. Bg2 Bb7 5. O-O Be7 6. b3 O-O 7. Bb2 d6 8. d4
Nbd7 9. Nc3 c5 10. d5 Ne8 11. dxe6 fxe6 12. Ng5 Bxg5 13. Bxb7 Rb8 14. Bg2 Bf6
15. Qd2 Qe7 16. Rad1 Rd8 17. Bh3 Nb8 18. Bg2 Nc7 19. Qc2 Nd7 20. Bc1 Bxc3 21.
Qxc3 Nf6 22. Bb2 d5 23. Qe5 d4 24. e3 Ng4 25. Qh5 Nf6 26. Qe2 dxe3 27. Qxe3 Rxd1
28. Rxd1 Ng4 29. Qc3 Nxf2 30. Rf1 Ng4 31. h3 Rxf1+ 32. Bxf1 Nf6 33. Bg2 Nce8 34.
Qe3 Nd6 35. g4 Kf8 36. Qf3 Kg8 37. Be5 Nde4 38. Qf4 Qd7 39. Bxe4 Qd1+ 40. Kh2
Qe2+ 41. Bg2 Nd7 42. Bd6 Qxa2 43. Qe4 Nf8 44. Qa8 Qf2 45. Qxa7 Ng6 46. Qa8+ Kf7
47. Qb7+ Kg8 48. Bg3 1-0

[Event "2nd Gideon Japhet Mem Op"]
[Site "Jerusalem ISR"]
[Date "2014.07.16"]
[Round "1.19"]
[White "Zaltz, Dov"]
[Black "Shohat, Yotam"]
[Result "1-0"]
[WhiteElo "2254"]
[BlackElo "1880"]
[WhiteFideId "2800578"]
[BlackFideId "2813955"]
[EventDate "2014.07.16"]

1. e4 c5 2. Nf3 Nc6 3. d4 cxd4 4. Nxd4 g6 5. c4 Nf6 6. Nc3 d6 7. Be2 Nxd4 8.
Qxd4 Bg7 9. Be3 O-O 10. Qd2 a5 11. O-O a4 12. Rac1 Qa5 13. f3 Be6 14. Rfd1 Rfc8
15. Nb5 Nd7 16. Nd4 Qxd2 17. Rxd2 Nc5 18. Nxe6 fxe6 19. Bf1 h5 20. Rb1 Ra6 21.
g3 e5 22. Bh3 Rc7 23. Rdd1 Kf7 24. Kf2 Rb6 25. Bf1 Rb4 26. Bd2 Rb6 27. Ba5 Rcc6
28. Bxb6 Rxb6 29. Rdc1 Rb4 30. Ke2 Bh6 31. Rc3 Ke8 32. Bh3 Kd8 33. Kd1 Kc7 34.
Kc2 Kc6 35. b3 a3 36. Rg1 Na4 37. Rd3 Nc5 38. Rdd1 Be3 39. Rge1 Bf2 40. Rf1 Bd4
41. f4 Kc7 42. f5 g5 43. Bg2 Nd7 44. Bf3 Nf6 45. Rxd4 exd4 46. Rd1 g4 47. Bg2
Kb6 48. Rxd4 Kc5 49. Kc3 Rb6 50. Rd1 Rb4 51. e5 dxe5 52. Rd8 Rb6 53. b4+ 1-0

[Event "2nd Gideon Japhet Mem Op"]
[Site "Jerusalem ISR"]
[Date "2014.07.16"]
[Round "1.20"]
[White "Parkhov, Yair"]
[Black "Zisman, Philip"]
[Result "0-1"]
[WhiteElo "1935"]
[BlackElo "2232"]
[WhiteFideId "2813408"]
[BlackFideId "2805197"]
[EventDate "2014.07.16"]

1. d4 d5 2. c4 e5 3. dxe5 d4 4. Nf3 Nc6 5. a3 Nge7 6. e3 Bg4 7. Be2 dxe3 8.
Qxd8+ Rxd8 9. Bxe3 Ng6 10. e6 Bxe6 11. Nbd2 Be7 12. Ne4 Nge5 13. Rc1 Nxf3+ 14.
Bxf3 Nd4 15. O-O Nxf3+ 16. gxf3 a6 17. Rfd1 O-O 18. Bf4 Rxd1+ 19. Rxd1 Rd8 20.
Rxd8+ Bxd8 21. Nc5 Bc8 22. b4 g5 23. Bc1 f5 24. f4 g4 25. Bb2 Kf7 26. Kf1 b6 27.
Nd3 Ke6 28. Ke2 Bb7 29. Be5 h5 30. Ke3 h4 31. Ne1 h3 32. Nc2 c5 33. bxc5 bxc5
34. Ne1 Be4 35. Nd3 Bxd3 36. Kxd3 Bh4 37. Ke2 g3 38. fxg3 Bxg3 39. a4 Bxh2 40.
Kf2 Kf7 41. Kf3 Bg1 42. Bc3 Kg6 43. Bd2 Kh5 44. Kg3 h2 45. Kg2 Kg4 46. Bc1 Bd4
47. Kxh2 Kf3 48. Kh3 Be3 49. Ba3 Kxf4 50. Kg2 Ke4 51. a5 f4 52. Bb2 f3+ 53. Kg3
f2 54. Kg2 Kd3 0-1

[Event "2nd Gideon Japhet Mem Op"]
[Site "Jerusalem ISR"]
[Date "2014.07.16"]
[Round "1.21"]
[White "Yerushalmi, Eran"]
[Black "Slonimskij, Arkadij"]
[Result "0-1"]
[WhiteElo "1902"]
[BlackElo "2207"]
[WhiteFideId "2814285"]
[BlackFideId "4113420"]
[EventDate "2014.07.16"]

1. e4 Nf6 2. e5 Nd5 3. d4 d6 4. Nf3 Bg4 5. Be2 c6 6. O-O Bxf3 7. Bxf3 dxe5 8.
dxe5 e6 9. Qe2 Nd7 10. c4 Ne7 11. b3 Ng6 12. Bb2 Qc7 13. Re1 Bb4 14. Nd2 Ndxe5
15. Bh5 O-O-O 16. Bxe5 Qxe5 17. Bxg6 Qxe2 18. Rxe2 hxg6 19. Ne4 Be7 20. Rae1 Rd4
21. g3 Rhd8 22. h4 e5 23. Ng5 Bxg5 24. hxg5 f6 25. Kg2 Rd1 26. Rxd1 Rxd1 27. f4
Kd7 28. fxe5 fxe5 29. Rxe5 Rd2+ 30. Kf3 Rxa2 31. Re3 Ra5 32. Kg4 Rf5 33. Rd3+
Kc7 34. Re3 Kd6 35. Rd3+ Ke6 36. b4 a5 37. bxa5 Rxa5 38. Rb3 b5 39. Re3+ Kd6 40.
Rd3+ Kc5 41. cxb5 cxb5 42. Rd7 Ra6 43. Rxg7 b4 44. Rc7+ Rc6 45. Rb7 Kc4 46. Kf3
Kc3 47. Ke2 b3 48. Kd1 b2 49. Rb8 Rd6+ 50. Ke2 Rd4 51. Ke1 0-1

[Event "2nd Gideon Japhet Mem Op"]
[Site "Jerusalem ISR"]
[Date "2014.07.16"]
[Round "1.22"]
[White "Grinberg, Eyal"]
[Black "Calabrese, Gabriel"]
[Result "1-0"]
[WhiteElo "2201"]
[BlackElo "2049"]
[WhiteFideId "2806070"]
[BlackFideId "2802350"]
[EventDate "2014.07.16"]

1. e4 c5 2. Nf3 e6 3. d4 cxd4 4. Nxd4 a6 5. Nc3 Qc7 6. Be2 b5 7. a3 Nc6 8. O-O
Bb7 9. Be3 Nf6 10. f4 Bc5 11. b4 Ba7 12. Qd3 Rc8 13. Ndxb5 axb5 14. Nxb5 Bxe3+
15. Qxe3 Qb8 16. e5 Nd5 17. Qc5 Nce7 18. Nd6+ Kf8 19. Nxc8 Qxc8 20. Qxc8+ Nxc8
21. Bf3 Ba6 22. Bxd5 exd5 23. Rfb1 Na7 24. b5 Bxb5 25. a4 Ba6 26. Rb8+ Nc8 27.
Rab1 h5 28. e6 Ke7 29. Ra8 Be2 30. Rbb8 Nb6 31. Rxh8 Nxa8 32. exf7 1-0

[Event "2nd Gideon Japhet Mem Op"]
[Site "Jerusalem ISR"]
[Date "2014.07.17"]
[Round "2.1"]
[White "Bakalchuk, Johnatan"]
[Black "Huzman, Alexander"]
[Result "1/2-1/2"]
[BlackTitle "GM"]
[WhiteElo "2273"]
[BlackElo "2589"]
[WhiteFideId "2810301"]
[BlackFideId "2803828"]
[EventDate "2014.07.16"]

1. e4 e6 2. d4 d5 3. Nc3 Bb4 4. e5 c5 5. Bd2 Nh6 6. Bxh6 gxh6 7. a3 cxd4 8. axb4
dxc3 9. bxc3 O-O 10. Nf3 f6 11. exf6 Qxf6 12. Qd4 Bd7 13. b5 Be8 14. Ne5 Nd7 15.
Nxd7 Bxd7 16. Qxf6 Rxf6 17. c4 Rf5 18. cxd5 Re5+ 19. Kd2 Rxd5+ 20. Ke3 Re5+ 21.
Kd4 Rd5+ 22. Ke3 Re5+ 23. Kd4 Rd5+ 24. Ke4 1/2-1/2

[Event "2nd Gideon Japhet Mem Op"]
[Site "Jerusalem ISR"]
[Date "2014.07.17"]
[Round "2.3"]
[White "Gukhvat, Peter"]
[Black "Battaglini, Gabriel"]
[Result "1/2-1/2"]
[BlackTitle "IM"]
[WhiteElo "2255"]
[BlackElo "2430"]
[WhiteFideId "2805090"]
[BlackFideId "621650"]
[EventDate "2014.07.16"]

1. Nf3 d5 2. d4 Nf6 3. e3 g6 4. Nbd2 Bg7 5. b4 O-O 6. c4 Nbd7 7. Bb2 a5 8. a3
axb4 9. axb4 Rxa1 10. Qxa1 dxc4 11. Nxc4 Nd5 12. b5 N7b6 13. Nxb6 Nxb6 14. Be2
Be6 15. O-O Bc4 16. Bxc4 Nxc4 17. Ba3 Re8 18. Bc5 Qd5 19. Rc1 b6 20. Qc3 bxc5
21. Qxc4 Qxc4 22. Rxc4 cxd4 23. exd4 Rb8 24. Rxc7 e6 25. g3 Rxb5 26. Rc8+ Bf8
27. Rd8 Kg7 28. Ne5 Rb7 29. Kg2 Be7 30. Ra8 h5 31. h4 Bd6 32. Rd8 Ba3 33. Kf3
Rb3+ 34. Ke2 Rb7 35. Kf3 Bb2 36. Ke4 Kf6 37. Rd7 Rxd7 38. Nxd7+ Kg7 39. Ne5 f6
40. Nc4 Ba1 41. Nd6 Kf8 42. Nb5 Ke7 43. Na3 Bc3 44. Nc4 Be1 45. Kf3 Kd7 46. Ne3
Kc6 47. Ng2 Bd2 48. Ke2 Bh6 49. Kd3 Kd5 50. f4 Bf8 51. f5 gxf5 52. Nf4+ Kd6 53.
Nxh5 Ke7 54. Nf4 Bh6 55. Ng2 Kf7 56. Kc4 Bf8 57. Nf4 Bd6 58. h5 e5 59. Ne2 f4
60. gxf4 exf4 61. Ng1 Kg7 62. Kd5 Be5 63. dxe5 fxe5 64. Kxe5 Kh6 65. Kxf4 1/2-1/2

[Event "2nd Gideon Japhet Mem Op"]
[Site "Jerusalem ISR"]
[Date "2014.07.17"]
[Round "2.4"]
[White "Zaltz, Dov"]
[Black "Alexikov, Alexander"]
[Result "1-0"]
[BlackTitle "IM"]
[WhiteElo "2254"]
[BlackElo "2380"]
[WhiteFideId "2800578"]
[BlackFideId "14103958"]
[EventDate "2014.07.16"]

1. e4 g6 2. d4 Bg7 3. Nf3 d6 4. h3 Nf6 5. Nc3 O-O 6. Be3 c6 7. Bd3 b5 8. a3 a6
9. Qd2 Re8 10. O-O e5 11. dxe5 dxe5 12. Ne2 Nbd7 13. Ng3 Qc7 14. c4 Nf8 15. Qc3
Qb8 16. Rfd1 N6d7 17. Rac1 Ne6 18. cxb5 cxb5 19. Bb1 a5 20. Ba2 b4 21. Qc2 Ra6
22. Qd3 Ndf8 23. axb4 axb4 24. Bc4 Rc6 25. Qb3 Re7 26. Ra1 Rd6 27. Bd5 Rc7 28.
Ra4 Bd7 29. Rxb4 Qe8 30. Rb8 Rc8 31. Rxc8 Bxc8 32. Ra1 Ba6 33. Ra5 Qc8 34. Qa3 1-0

[Event "2nd Gideon Japhet Mem Op"]
[Site "Jerusalem ISR"]
[Date "2014.07.17"]
[Round "2.5"]
[White "Zisman, Philip"]
[Black "Aharon, Ofir"]
[Result "1-0"]
[BlackTitle "FM"]
[WhiteElo "2232"]
[BlackElo "2367"]
[WhiteFideId "2805197"]
[BlackFideId "2800683"]
[EventDate "2014.07.16"]

1. d4 Nf6 2. Bg5 e6 3. e4 h6 4. Bxf6 Qxf6 5. Nc3 d6 6. Qd2 c6 7. f4 e5 8. dxe5
dxe5 9. f5 Be7 10. Nf3 b5 11. O-O-O O-O 12. g4 b4 13. Ne2 Rd8 14. Qe1 Rxd1+ 15.
Qxd1 Nd7 16. h4 Qd6 17. Qxd6 Bxd6 18. g5 hxg5 19. hxg5 Nb6 20. Ng3 Bb7 21. Be2
c5 22. Nd2 Bc7 23. Nb3 c4 24. Na5 Ba6 25. b3 Bd8 26. g6 Rc8 27. bxc4 Na4 28. Nb3
Bg5+ 29. Kb1 Nc3+ 30. Kb2 Nxe2 31. Nxe2 Rxc4 32. Ng3 f6 33. Rh7 Rc7 34. Nh5 Be2
35. Nc5 Bxh5 36. Ne6 Bh6 37. Nxc7 Bf3 38. Ne8 Kf8 39. Nxf6 gxf6 40. Rxh6 Bxe4
41. Rh8+ Kg7 42. Rh7+ Kg8 43. Rf7 Bxf5 44. Rxf6 Be4 45. Re6 Kg7 46. Rxe5 Bxg6
47. Re7+ Kf6 48. Rxa7 1-0

[Event "2nd Gideon Japhet Mem Op"]
[Site "Jerusalem ISR"]
[Date "2014.07.17"]
[Round "2.6"]
[White "Gindi, Shachar"]
[Black "Grinberg, Eyal"]
[Result "1-0"]
[WhiteElo "2319"]
[BlackElo "2201"]
[WhiteFideId "2804182"]
[BlackFideId "2806070"]
[EventDate "2014.07.16"]

1. Nf3 d5 2. c4 c6 3. e3 Nf6 4. Nc3 e6 5. b3 Nbd7 6. Qc2 Bd6 7. Bb2 O-O 8. Rg1
dxc4 9. bxc4 e5 10. g4 Nc5 11. g5 Nfd7 12. O-O-O Re8 13. d4 exd4 14. exd4 Na6
15. Bd3 Nf8 16. a3 Qa5 17. c5 Bf4+ 18. Kb1 Be6 19. Ne4 b5 20. Nf6+ gxf6 21.
gxf6+ Kh8 22. Rg7 Ng6 23. d5 Bxd5 24. Bxg6 hxg6 25. Rxd5 cxd5 26. Rxf7 Re1+ 27.
Nxe1 Qxe1+ 28. Ka2 b4 29. Rxa7 b3+ 30. Qxb3 Nb4+ 31. Qxb4 1-0